000 00926nam a2200277 a 4500
001 000023799
005 20200930022457.0
008 110113s1992 ag 000 f spa d
020 _a9501511928
040 _aDO-SdBNP
_bspa
_cBNPHU
041 1 7 _aspa
_heng
_2Código de idiomas MARC
082 _a813.54
_bS965f
100 1 _aSutcliffe, Katherine,
_948991
240 1 2 _aA fire in the heart.
_lEspañol
245 1 0 _aFuego en el corazón /
_cKatherine Sutcliffe ; traducción de Edith Grandiccelli.
260 _aBuenos Aires, Argentina :
_bJavier Vergara,
_c1992.
300 _a387 p. ;
_c22 cm.
490 1 _aAmor y aventura
534 _pTítulo original en inglés:
_tA fire in the heart.
_cAvon Books, 1990
650 4 _aNovela estadounidense
_9262
650 4 _aLiteratura estadounidense
_9263
700 1 _aGrandiccelli, Edith,
_etr.
_911545
830 0 _aAmor y aventura
_948498
910 _aWM
049 _aBNGR
999 _c23295
_d23295